000 00287nam a2200109Ia 4500
008 201217s9999 xx 000 0 und d
100 _aVerma, Pramod
245 0 _aManagement of Industrial Relations : Readings and Cases
260 _aNew Delhi
_bOxford & IBH
300 _a519
942 _cBK
999 _c7083
_d7083